000 00701nam a2200169 4500
999 _c14008
_d14008
008 190725b ||||| |||| 00| 0 eng d
082 _22018
_aUT 1323
_bV69
100 _aVillar, WynJalle A.
_938979
245 _aFINANCIAL MANAGEMENT PRACTICES AND THE PROFITABILITY OF PUBLIC MARKET VENDORS IN DIGOS CITY/
_cWynJalle A. Villar, Ela Mary A. Buhion and Jenky S. Caracot
260 _aDigos City
_bUMDC
_cNovember 2018
300 _a34 pages
_c30 cm
650 _aBachelor of Science in Business Administration
_vFinancial Management
_xUndergraduate Thesis
_938980
700 _aVillar, WynJalle A.
_938979
700 _aBuhion, Ela Mary A.
_938981
700 _aCaracot, Jenky S.
_938982
942 _2ddc
_cUT